000 00508nam a2200169Ia 4500
008 090711s9999 xx 000 0 und d
082 _b79457
100 _aघाणेकर मधुसूदन
245 _aविवाह सौख्य
260 _c1996
300 _a94
600 _aघाणेकर मधुसूदन
630 _aविवाह सौख्य
700 _aघाणेकर मधुसूदन
730 _aविवाह सौख्य
942 _cBOOK
999 _c312140
_d312140